[Event "Oberliga NRW 2122"]
[Site "Germany"]
[Date "2022.05.29"]
[Round "6.1"]
[White "Bosch, Jeroen"]
[Black "Siebrecht, Sebastian"]
[Result "1-0"]
[WhiteElo "2421"]
[BlackElo "2395"]
[PlyCount "107"]
[EventDate "2021.10.31"]
[EventType "team-tourn"]
[EventRounds "9"]
[EventCountry "GER"]
[SourceTitle "EXT 2024"]
[Source "ChessBase"]
[SourceDate "2023.10.10"]
[SourceVersion "1"]
[SourceVersionDate "2023.10.10"]
[SourceQuality "1"]
[WhiteTeam "Letmathe"]
[BlackTeam "Essen Katernberg"]
[WhiteTeamCountry "GER"]
[BlackTeamCountry "GER"]

1. d4 d5 2. c4 c6 3. cxd5 cxd5 4. Bg5 h6 5. Bh4 Nc6 6. Nc3 Bf5 7. e3 Qa5 8. a3 e6 9. Qb3 Qc7 10. Bg3 Qd7 11. Nf3 f6 12. Be2 g5 13. 0-0 h5 14. h4 g4 15. Ne1 Nh6 16. Rd1 Rd8 17. Nd3 Bxd3 18. Bxd3 f5 19. Rc1 Nf7 20. Na4 Rc8 21. Bb5 Be7 22. Rc3 0-0 23. Rfc1 Nfd8 24. Qc2 Bd6 25. Nc5 Bxc5 26. Rxc5 a6 27. Ba4 Ra8 28. b4 Qe7 29. Qb2 Rf7 30. Bd1 Qf6 31. a4 f4 32. Bxf4 Nxd4 33. Qd2 N4c6 34. Bg5 Qe5 35. b5 axb5 36. axb5 Ne7 37. Rc7 Qd6 38. e4 Ng6 39. Rc8 Rxc8 40. Rxc8 Rd7 41. exd5 exd5 42. Bc2 Ne7 43. Ra8 Qe5 44. Qd3 Qe1+ 45. Kh2 Kf8 46. Qh7 Qe5+ 47. g3 Qe2 48. Qh6+ Kf7 49. Qxh5+ Ke6 50. Qh6+ Kf7 51. Qf6+ Kg8 52. Bg6 Nxg6 53. Qxg6+ Kf8 54. Qf6+ 1-0

[Event "Sitges Sunway 7th"]
[Site "Sitges"]
[Date "2020.12.20"]
[Round "7"]
[White "Llopis de Aysa, Manuel"]
[Black "Siebrecht, Sebastian"]
[Result "0-1"]
[WhiteElo "2093"]
[BlackElo "2429"]
[PlyCount "76"]
[EventDate "2020.12.13"]
[EventType "swiss"]
[EventRounds "10"]
[EventCountry "ESP"]
[SourceTitle "CBM 199 Extra"]
[Source "ChessBase"]
[SourceDate "2021.01.31"]
[SourceVersion "1"]
[SourceVersionDate "2021.01.31"]
[SourceQuality "1"]

1. d4 g6 2. e4 Bg7 3. c4 c5 4. d5 d6 5. Nf3 Nf6 6. Nc3 0-0 7. h3 b5 8. cxb5 a6 9. a4 Nbd7 10. Be3 Ne8 11. Be2 Nc7 12. 0-0 Rb8 13. Qd2 Nf6 14. e5 Nfe8 15. Bh6 axb5 16. Bxg7 Nxg7 17. Bxb5 Nxb5 18. Nxb5 Ba6 19. exd6 exd6 20. b4 Bxb5 21. axb5 Rxb5 22. bxc5 Rxc5 23. Rfc1 Nf5 24. Ng5 Re8 25. Ra7 Re7 26. Rxe7 Qxe7 27. Rxc5 dxc5 28. Nf3 Qd6 29. Ng5 Qe5 30. Nf3 Qe4 31. d6 Qb1+ 32. Kh2 Qb8 33. Qc3 Qxd6+ 34. g3 Qd5 35. Nd2 h5 36. h4 Nd4 37. Nc4 Nf3+ 38. Kh3 Nd2 0-1

[Event "GER-ch rapid 46th"]
[Site "Plochingen"]
[Date "2020.09.20"]
[Round "9"]
[White "Siebrecht, Sebastian"]
[Black "Kvetny, Mark"]
[Result "1/2-1/2"]
[WhiteElo "2418"]
[BlackElo "2427"]
[PlyCount "100"]
[EventDate "2020.09.19"]
[EventType "swiss"]
[EventRounds "9"]
[EventCountry "GER"]
[SourceTitle "CBM 198 Extra"]
[Source "ChessBase"]
[SourceDate "2020.11.30"]
[SourceVersion "1"]
[SourceVersionDate "2020.11.30"]
[SourceQuality "1"]

1. d4 Nf6 2. c4 d6 3. Nc3 Nbd7 4. Nf3 e5 5. g3 c6 6. Bg2 Be7 7. 0-0 0-0 8. Re1 a6 9. Nh4 exd4 10. Qxd4 Nc5 11. b4 Ne6 12. Qd2 g6 13. Bb2 a5 14. a3 Ng4 15. Nf3 f5 16. e3 Ne5 17. Qe2 Bf6 18. Rad1 Qe7 19. Nd4 axb4 20. axb4 Qf7 21. f4 Nxd4 22. Rxd4 Ng4 23. Rxd6 Be7 24. c5 Bxd6 25. cxd6 Qe6 26. Qd2 Rd8 27. Nd5 Ra2 28. Ne7+ Kf7 29. Nxc8 Rxc8 30. e4 Qb3 31. Re2 fxe4 32. Bxe4 Rxb2 33. Qxb2 Qd1+ 34. Kg2 Qxd6 35. Qb3+ Kg7 36. Qc3+ Nf6 37. b5 Re8 38. bxc6 bxc6 39. Rd2 Qe6 40. Bf3 Rc8 41. Qc5 Rc7 42. Rd6 Qa2+ 43. Kh3 Qf7 44. Bxc6 Qe7 45. Qd4 h5 46. Ba4 Rc4 47. Qxc4 Qxd6 48. Bb3 Qd7+ 49. Kg2 Qd2+ 50. Kf3 Qd7 1/2-1/2

[Event "GER-ch rapid 46th"]
[Site "Plochingen"]
[Date "2020.09.19"]
[Round "1"]
[White "Kersten, Uwe"]
[Black "Siebrecht, Sebastian"]
[Result "1/2-1/2"]
[WhiteElo "2252"]
[BlackElo "2418"]
[PlyCount "100"]
[EventDate "2020.09.19"]
[EventType "swiss"]
[EventRounds "9"]
[EventCountry "GER"]
[SourceTitle "CBM 198 Extra"]
[Source "ChessBase"]
[SourceDate "2020.11.30"]
[SourceVersion "1"]
[SourceVersionDate "2020.11.30"]
[SourceQuality "1"]

1. e4 c5 2. Nf3 e6 3. c3 Nf6 4. e5 Nd5 5. d4 cxd4 6. cxd4 d6 7. a3 Nc6 8. Bd3 Be7 9. 0-0 0-0 10. Qe2 a6 11. Re1 Re8 12. Qe4 f5 13. exf6 Nxf6 14. Qh4 h6 15. Bxh6 gxh6 16. Qxh6 Bf8 17. Qg6+ Bg7 18. Ng5 Qe7 19. Nc3 Nxd4 20. Re3 Bd7 21. Rh3 Bc6 22. Re1 b5 23. Nce4 Bxe4 24. Rxe4 Rac8 25. Rxd4 Rc1+ 26. Bf1 Qc7 27. Rc3 Rxc3 28. bxc3 d5 29. Rh4 Re7 30. Nh7 Qxc3 31. h3 Qe5 32. Bd3 Nxh7 33. Rxh7 Qe1+ 34. Kh2 Qe5+ 35. g3 Kf8 36. Rh4 Rf7 37. Kg2 Qe1 38. Rf4 Rxf4 39. gxf4 Bd4 40. Qg3 Qd1 41. Bg6 Ke7 42. f5 e5 43. Qg5+ Kd7 44. Qf6 Qd2 45. Qe6+ Kc7 46. Qe7+ Kb6 47. Qd8+ Ka7 48. Qc7+ Ka8 49. Qc8+ Ka7 50. Qc7+ Ka8 1/2-1/2

[Event "GER-ch"]
[Site "Magdeburg"]
[Date "2020.08.20"]
[Round "6"]
[White "Siebrecht, Sebastian"]
[Black "Dobrikov, Marco"]
[Result "1-0"]
[WhiteElo "2417"]
[BlackElo "2290"]
[PlyCount "61"]
[EventDate "2020.08.16"]
[EventType "swiss"]
[EventRounds "9"]
[EventCountry "GER"]
[SourceTitle "CBM 197 Extra"]
[Source "ChessBase"]
[SourceDate "2020.09.30"]
[SourceVersion "1"]
[SourceVersionDate "2020.09.30"]
[SourceQuality "1"]

1. d4 Nf6 2. c4 g6 3. Nc3 d5 4. e3 Bg7 5. Bd2 0-0 6. Rc1 dxc4 7. Bxc4 a6 8. b4 Nc6 9. a3 e5 10. d5 Ne7 11. e4 Ne8 12. f4 Nd6 13. Bb3 exf4 14. Bxf4 Bxc3+ 15. Rxc3 Nxe4 16. Rxc7 Nf5 17. Nf3 g5 18. Nxg5 Nxg5 19. 0-0 Ng7 20. Bc2 f6 21. h4 Nf7 22. h5 Ne5 23. d6 Bg4 24. Qd5+ Nf7 25. h6 Ne8 26. Bxh7+ Kxh7 27. Rxf7+ Rxf7 28. Qxf7+ Kh8 29. Re1 Qb6+ 30. Kh2 Qb5 31. Rxe8+ 1-0

[Event "GER-ch Blitz"]
[Site "Magdeburg"]
[Date "2020.08.15"]
[Round "15"]
[White "Frischmann, Rick"]
[Black "Siebrecht, Sebastian"]
[Result "1-0"]
[WhiteElo "2347"]
[BlackElo "2417"]
[PlyCount "53"]
[EventDate "2020.08.15"]
[EventType "tourn (blitz)"]
[EventRounds "29"]
[EventCountry "GER"]
[EventCategory "6"]
[SourceTitle "CBM 197 Extra"]
[Source "ChessBase"]
[SourceDate "2020.09.30"]
[SourceVersion "1"]
[SourceVersionDate "2020.09.30"]
[SourceQuality "1"]

1. e4 c5 2. Nf3 e6 3. d4 cxd4 4. Nxd4 a6 5. c4 Qc7 6. a3 Nf6 7. Nc3 g6 8. Be2 Bg7 9. Be3 0-0 10. 0-0 d6 11. Rc1 Nbd7 12. b4 b6 13. f3 Bb7 14. Qd2 Rfe8 15. Rfd1 Rac8 16. Nb3 Qb8 17. Qxd6 Qa8 18. Na4 Rcd8 19. Nxb6 Nxb6 20. Qxb6 Rxd1+ 21. Rxd1 Nxe4 22. fxe4 Bxe4 23. Qa7 Qc6 24. Qd7 Qa8 25. Qa7 Qc6 26. Na5 Qa4 27. Qd7 1-0

[Event "GER-ch Blitz"]
[Site "Magdeburg"]
[Date "2020.08.15"]
[Round "23"]
[White "Hess, Max"]
[Black "Siebrecht, Sebastian"]
[Result "1-0"]
[WhiteElo "2378"]
[BlackElo "2417"]
[PlyCount "85"]
[EventDate "2020.08.15"]
[EventType "tourn (blitz)"]
[EventRounds "29"]
[EventCountry "GER"]
[EventCategory "6"]
[SourceTitle "CBM 197 Extra"]
[Source "ChessBase"]
[SourceDate "2020.09.30"]
[SourceVersion "1"]
[SourceVersionDate "2020.09.30"]
[SourceQuality "1"]

1. g3 d5 2. Bg2 c6 3. Nf3 Nf6 4. 0-0 Bg4 5. c4 e6 6. Ne5 Bh5 7. cxd5 exd5 8. d4 Nbd7 9. Nd3 Bd6 10. Nc3 0-0 11. Rb1 Re8 12. b4 Ne4 13. Nxe4 dxe4 14. Nf4 Bxf4 15. Bxf4 Nf6 16. b5 Nd5 17. Qd2 cxb5 18. Rxb5 b6 19. Bg5 Qd7 20. Rb3 h6 21. Be3 f5 22. Re1 Rac8 23. Bf4 Nf6 24. Rc3 g5 25. Be5 Ng4 26. Qc2 Nxe5 27. dxe5 Rxc3 28. Qxc3 Rc8 29. Qb3+ Bf7 30. Qa4 Qd2 31. Rd1 Qxe2 32. Bf1 Qc2 33. Qd4 Qxa2 34. Qd7 Qe6 35. Qxa7 Qxe5 36. Rd7 Rf8 37. Qxb6 f4 38. Bc4 Kg7 39. Qb7 Qa1+ 40. Kg2 Qf6 41. Qxe4 f3+ 42. Qxf3 Kg8 43. Qxf6 1-0

[Event "GER-ch Blitz"]
[Site "Magdeburg"]
[Date "2020.08.15"]
[Round "21"]
[White "Schneider, Ilja"]
[Black "Siebrecht, Sebastian"]
[Result "1-0"]
[WhiteElo "2479"]
[BlackElo "2417"]
[PlyCount "59"]
[EventDate "2020.08.15"]
[EventType "tourn (blitz)"]
[EventRounds "29"]
[EventCountry "GER"]
[EventCategory "6"]
[SourceTitle "CBM 197 Extra"]
[Source "ChessBase"]
[SourceDate "2020.09.30"]
[SourceVersion "1"]
[SourceVersionDate "2020.09.30"]
[SourceQuality "1"]

1. d4 g6 2. e4 Bg7 3. Nc3 d6 4. Nf3 a6 5. Bg5 b5 6. a4 b4 7. Nd5 a5 8. Bc4 c6 9. Ne3 Ba6 10. 0-0 Bxc4 11. Nxc4 Nd7 12. Re1 Qc7 13. e5 d5 14. Nd6+ Kf8 15. Nxf7 Kxf7 16. e6+ Kf8 17. exd7 Qxd7 18. Ne5 Qd6 19. Qf3+ Nf6 20. Bf4 Qd8 21. Nxc6 Qb6 22. Nxe7 Re8 23. Nxd5 Rxe1+ 24. Rxe1 Qa6 25. Re8+ Kf7 26. Rxh8 Bxh8 27. Nxf6 Qxf6 28. Qd5+ Qe6 29. Qxe6+ Kxe6 30. Be5 1-0

[Event "GER-ch Blitz"]
[Site "Magdeburg"]
[Date "2020.08.15"]
[Round "28"]
[White "Siebrecht, Sebastian"]
[Black "Krause, Benedict"]
[Result "0-1"]
[WhiteElo "2417"]
[BlackElo "2425"]
[PlyCount "92"]
[EventDate "2020.08.15"]
[EventType "tourn (blitz)"]
[EventRounds "29"]
[EventCountry "GER"]
[EventCategory "6"]
[SourceTitle "CBM 197 Extra"]
[Source "ChessBase"]
[SourceDate "2020.09.30"]
[SourceVersion "1"]
[SourceVersionDate "2020.09.30"]
[SourceQuality "1"]

1. c4 g6 2. Nc3 c5 3. Nf3 Bg7 4. d4 cxd4 5. Nxd4 Nc6 6. Nc2 Bxc3+ 7. bxc3 Qa5 8. Bd2 Nf6 9. f3 d6 10. e4 Be6 11. Ne3 Ne5 12. Nd5 Rc8 13. Qb3 b6 14. Be2 Nfd7 15. f4 Nc5 16. Qc2 Ned7 17. 0-0 Qa4 18. Qb1 b5 19. f5 Bxd5 20. cxd5 Qxe4 21. Bxb5 Qxb1 22. Raxb1 0-0 23. Bxd7 Nxd7 24. Rb7 Nf6 25. Rxe7 Nxd5 26. Rxa7 Nxc3 27. Bh6 Ra8 28. fxg6 Rxa7 29. gxh7+ Kxh7 30. Bxf8 Kg6 31. Bxd6 Rxa2 32. Be5 Ne4 33. h3 f5 34. Rc1 Re2 35. Bf4 Ra2 36. Rc6+ Kf7 37. Kh2 Rf2 38. Be5 Re2 39. h4 Nf2 40. Bf4 Ng4+ 41. Kg3 Ra2 42. h5 Nf6 43. h6 Nh5+ 44. Kh4 Nxf4 45. Kg5 Ne6+ 46. Kxf5 Nd4+ 0-1

[Event "GER-ch Blitz"]
[Site "Magdeburg"]
[Date "2020.08.15"]
[Round "18"]
[White "Siebrecht, Sebastian"]
[Black "Svane, Rasmus"]
[Result "0-1"]
[WhiteElo "2417"]
[BlackElo "2613"]
[PlyCount "62"]
[EventDate "2020.08.15"]
[EventType "tourn (blitz)"]
[EventRounds "29"]
[EventCountry "GER"]
[EventCategory "6"]
[SourceTitle "CBM 197 Extra"]
[Source "ChessBase"]
[SourceDate "2020.09.30"]
[SourceVersion "1"]
[SourceVersionDate "2020.09.30"]
[SourceQuality "1"]

1. d4 d5 2. Nf3 e6 3. c4 a6 4. Nc3 dxc4 5. a4 Nf6 6. e3 c5 7. Bxc4 cxd4 8. exd4 Be7 9. 0-0 0-0 10. Qe2 Nc6 11. Rd1 Nb4 12. Bg5 Bd7 13. Ne5 Bc6 14. Nxc6 bxc6 15. Rac1 a5 16. Bxf6 Bxf6 17. Ne4 Bxd4 18. Nc5 e5 19. Kh1 Qh4 20. Ne4 Kh8 21. g3 Qe7 22. h4 h6 23. Qh5 Rad8 24. Ng5 Nd5 25. Bxd5 cxd5 26. Rc6 Kg8 27. Nf3 Bxf2 28. Nxe5 Bxg3 29. Nf3 Qe4 30. Rg1 Qf4 31. Rc3 g6 0-1

[Event "GER-ch Blitz"]
[Site "Magdeburg"]
[Date "2020.08.15"]
[Round "27"]
[White "Stein, Robert"]
[Black "Siebrecht, Sebastian"]
[Result "1/2-1/2"]
[WhiteElo "2325"]
[BlackElo "2417"]
[PlyCount "146"]
[EventDate "2020.08.15"]
[EventType "tourn (blitz)"]
[EventRounds "29"]
[EventCountry "GER"]
[EventCategory "6"]
[SourceTitle "CBM 197 Extra"]
[Source "ChessBase"]
[SourceDate "2020.09.30"]
[SourceVersion "1"]
[SourceVersionDate "2020.09.30"]
[SourceQuality "1"]

1. d4 g6 2. c4 Bg7 3. g3 d6 4. Bg2 Nf6 5. Nc3 0-0 6. Nf3 Nbd7 7. 0-0 a6 8. a4 Rb8 9. a5 c5 10. dxc5 Nxc5 11. Nd4 Ne6 12. Nc2 Bd7 13. Ne3 Bc6 14. Ned5 Nc7 15. Be3 Ncxd5 16. cxd5 Bd7 17. Bb6 Qe8 18. e4 Rc8 19. Re1 Ng4 20. Rc1 Ne5 21. Bd4 Bg4 22. Qc2 Qd7 23. Bxe5 Bxe5 24. Qb3 h5 25. Qb4 Rc5 26. Na4 Rxc1 27. Rxc1 Rc8 28. Rc4 Be2 29. Rxc8+ Qxc8 30. Qd2 Bg4 31. Bf1 Qc7 32. Nb6 Qc5 33. Nc4 Bg7 34. b4 Qc7 35. Ne3 Bd7 36. Nc4 Bb5 37. Qd3 h4 38. Kg2 Qd7 39. Be2 h3+ 40. Kg1 Qc7 41. Qc2 Bd4 42. Qd3 Bg7 43. Bf1 Qc8 44. Be2 Kf8 45. Qc2 Bxc4 46. Bxc4 Qc7 47. Qd3 Be5 48. Qb3 Bg7 49. Bf1 Qc1 50. b5 Bd4 51. bxa6 bxa6 52. Qd3 Qb2 53. Qe2 Qxe2 54. Bxe2 Bc3 55. Bxa6 Bxa5 56. Bf1 Kg7 57. Bxh3 Kf6 58. f4 g5 59. Kf2 gxf4 60. gxf4 Bd2 61. Kf3 Bc1 62. Bd7 e6 63. dxe6 fxe6 64. Bc6 d5 65. Bxd5 exd5 66. exd5 Ba3 67. Ke4 Bd6 68. h4 Kg6 69. f5+ Kf6 70. h5 Bf8 71. h6 Bxh6 72. d6 Bf8 73. d7 Ke7 1/2-1/2

[Event "Biel HTO 53rd"]
[Site "Biel"]
[Date "2020.07.20"]
[Round "1"]
[White "Siebrecht, Sebastian"]
[Black "Moerwald, Miriam"]
[Result "1-0"]
[WhiteElo "2429"]
[BlackElo "1760"]
[PlyCount "45"]
[EventDate "2020.07.20"]
[EventType "swiss"]
[EventRounds "9"]
[EventCountry "SUI"]
[SourceTitle "CBM 197"]
[Source "ChessBase"]
[SourceDate "2020.07.27"]
[SourceVersion "1"]
[SourceVersionDate "2020.07.27"]
[SourceQuality "1"]

1. Nf3 d5 2. c4 Nf6 3. cxd5 Nxd5 4. e4 Nf6 5. Nc3 e6 6. d4 Bb4 7. Bd3 b6 8. Qa4+ Nc6 9. Qxc6+ Bd7 10. Qc4 Bxc3+ 11. bxc3 0-0 12. Bg5 Qe8 13. Bxf6 gxf6 14. Qxc7 Kh8 15. 0-0 Rg8 16. Rfe1 e5 17. dxe5 Qe6 18. Bf1 Rg6 19. Nd4 Qe8 20. exf6 Bg4 21. e5 Qg8 22. Re3 Bc8 23. Nc6 1-0

[Event "GER-ch Net blitz qual5"]
[Site "Playchess.com INT"]
[Date "2020.03.28"]
[Round "10"]
[White "Kopylov, Daniel"]
[Black "Siebrecht, Sebastian"]
[Result "1-0"]
[WhiteElo "2348"]
[BlackElo "2429"]
[PlyCount "47"]
[EventDate "2020.03.28"]
[EventType "swiss (blitz)"]
[EventRounds "13"]
[EventCountry "GER"]
[SourceTitle "CBM 195 Extra"]
[Source "ChessBase"]
[SourceDate "2020.05.31"]
[SourceVersion "1"]
[SourceVersionDate "2020.05.31"]
[SourceQuality "1"]

1. e4 c5 2. Nf3 e6 3. d4 cxd4 4. Nxd4 a6 5. Nc3 Qc7 6. Qf3 Nf6 7. Be3 d6 8. 0-0-0 Nbd7 9. Qe2 Be7 10. f4 b5 11. g4 Bb7 12. g5 Nxe4 13. Nxe4 Bxe4 14. Bg2 Bxg2 15. Qxg2 0-0 16. Nc6 Nc5 17. f5 exf5 18. Rhe1 Rfe8 19. Bxc5 dxc5 20. Rxe7 Qf4+ 21. Kb1 Rac8 22. Rxe8+ Rxe8 23. Qe2 Kf8 24. Qxe8+ 1-0

[Event "GER-ch Net blitz qual5"]
[Site "Playchess.com INT"]
[Date "2020.03.28"]
[Round "6"]
[White "Siebrecht, Sebastian"]
[Black "Brunke, Pascal"]
[Result "1-0"]
[WhiteElo "2429"]
[BlackElo "1973"]
[PlyCount "101"]
[EventDate "2020.03.28"]
[EventType "swiss (blitz)"]
[EventRounds "13"]
[EventCountry "GER"]
[SourceTitle "CBM 195 Extra"]
[Source "ChessBase"]
[SourceDate "2020.05.31"]
[SourceVersion "1"]
[SourceVersionDate "2020.05.31"]
[SourceQuality "1"]

1. d4 f5 2. Nf3 Nf6 3. g3 g6 4. Bg2 Bg7 5. c3 0-0 6. Nbd2 d6 7. a4 c6 8. a5 a6 9. 0-0 Qc7 10. Re1 e5 11. dxe5 dxe5 12. Nc4 Nbd7 13. Ng5 Re8 14. Nd6 Re7 15. Qb3+ Kf8 16. Ne6+ Rxe6 17. Qxe6 Nc5 18. Qxe5 Ne6 19. Bh6 Ng4 20. Bxg7+ Nxg7 21. Qd4 Be6 22. e4 Rd8 23. Rad1 Bb3 24. Rd2 c5 25. Qd3 Ne5 26. Qe2 Rxd6 27. Rxd6 Qxd6 28. exf5 Nd3 29. f6 Nxe1 30. fxg7+ Kxg7 31. Qxe1 Qc7 32. h4 Qxa5 33. Qe7+ Kg8 34. Qxb7 Bf7 35. Qb8+ Kg7 36. Qe5+ Kg8 37. Kh2 Qb6 38. Qe2 Qb3 39. Qxa6 Qxb2 40. Qc8+ Kg7 41. Qxc5 Qa2 42. Qe5+ Kg8 43. g4 Qxf2 44. Kh3 Qd2 45. h5 gxh5 46. gxh5 Qd3+ 47. Kh4 Qd8+ 48. Kg3 Qd3+ 49. Bf3 h6 50. Qf6 Bd5 51. Qd8+ 1-0

[Event "GER-ch Net blitz qual5"]
[Site "Playchess.com INT"]
[Date "2020.03.28"]
[Round "12"]
[White "Siebrecht, Sebastian"]
[Black "Colpe, Malte"]
[Result "1/2-1/2"]
[WhiteElo "2429"]
[BlackElo "2362"]
[PlyCount "152"]
[EventDate "2020.03.28"]
[EventType "swiss (blitz)"]
[EventRounds "13"]
[EventCountry "GER"]
[SourceTitle "CBM 195 Extra"]
[Source "ChessBase"]
[SourceDate "2020.05.31"]
[SourceVersion "1"]
[SourceVersionDate "2020.05.31"]
[SourceQuality "1"]

1. d4 Nf6 2. c4 g6 3. Nc3 Bg7 4. e4 0-0 5. Be2 d6 6. g4 c5 7. d5 e6 8. g5 Ne8 9. h4 exd5 10. exd5 Nd7 11. h5 Nc7 12. hxg6 hxg6 13. Nf3 a6 14. a4 Re8 15. Be3 Rb8 16. Qd3 Ne5 17. Nxe5 Rxe5 18. f4 Bf5 19. Qd2 Re7 20. Nd1 b5 21. cxb5 axb5 22. a5 Be4 23. 0-0 Nxd5 24. Bf2 Qd7 25. Ra3 Rbe8 26. Rg3 b4 27. Bc4 Qf5 28. a6 Qxf4 29. Qxf4 Nxf4 30. Ne3 Nd3 31. Ng4 Nxf2 32. Nf6+ Bxf6 33. gxf6 Re5 34. Rxf2 d5 35. Bb5 Ra8 36. Rd2 c4 37. Re3 Re6 38. Rf2 Rb6 39. Bxc4 Raxa6 40. Bd3 Ra1+ 41. Kh2 Re6 42. Bxe4 dxe4 43. Rf4 Rb1 44. Re2 b3 45. Kg3 Kh7 46. Rh4+ Kg8 47. Rf4 Kf8 48. Kg4 Ke8 49. Kg5 Kd7 50. Kh6 g5 51. Rf5 g4 52. Kg7 g3 53. Kxf7 Rc1 54. Rd5+ Rd6 55. Rxd6+ Kxd6 56. Kg6 Rf1 57. f7 Kd5 58. Kg7 Kd4 59. f8Q Rxf8 60. Kxf8 e3 61. Rg2 Ke4 62. Rxg3 e2 63. Rg7 Kd3 64. Rd7+ Kc2 65. Re7 Kd1 66. Rd7+ Kc1 67. Re7 Kd2 68. Rd7+ Ke3 69. Re7+ Kd3 70. Rd7+ Kc2 71. Re7 Kd1 72. Rd7+ Kc1 73. Re7 Kxb2 74. Rxe2+ Ka1 75. Ke7 b2 76. Rxb2 Kxb2 1/2-1/2

[Event "GER-ch Net blitz qual5"]
[Site "Playchess.com INT"]
[Date "2020.03.28"]
[Round "3"]
[White "Siebrecht, Sebastian"]
[Black "Fischer, Stefan Joachim"]
[Result "1-0"]
[WhiteElo "2429"]
[BlackElo "1673"]
[PlyCount "88"]
[EventDate "2020.03.28"]
[EventType "swiss (blitz)"]
[EventRounds "13"]
[EventCountry "GER"]
[SourceTitle "CBM 195 Extra"]
[Source "ChessBase"]
[SourceDate "2020.05.31"]
[SourceVersion "1"]
[SourceVersionDate "2020.05.31"]
[SourceQuality "1"]

1. d4 Nf6 2. c4 e6 3. Nf3 d5 4. Nc3 c6 5. Bg5 dxc4 6. e4 b5 7. e5 h6 8. Bh4 g5 9. Nxg5 hxg5 10. Bxg5 Nbd7 11. g3 Bb7 12. Bg2 Qb6 13. exf6 0-0-0 14. 0-0 c5 15. d5 b4 16. Na4 Qb5 17. b3 c3 18. Re1 Nb8 19. Bf1 Qd7 20. a3 Qxd5 21. Qxd5 Rxd5 22. Be3 Nc6 23. Bg2 Ne5 24. axb4 cxb4 25. Bxa7 Rb5 26. Be3 Bh6 27. Nb6+ Kc7 28. Nc4 Bxg2 29. Kxg2 Bxe3 30. Nxe3 Nd3 31. Red1 Nc5 32. Ra7+ Rb7 33. Rxb7+ Kxb7 34. Rd4 Na6 35. h4 Kc6 36. f4 Rb8 37. h5 Nc5 38. Rc4 Kd6 39. Nc2 Nxb3 40. Nxb4 Nd2 41. Rxc3 Rxb4 42. Rd3+ Kc7 43. Rxd2 Rb5 44. g4 Rb4 1-0

[Event "GER-ch Net blitz qual5"]
[Site "Playchess.com INT"]
[Date "2020.03.28"]
[Round "11"]
[White "Siebrecht, Sebastian"]
[Black "Langrock, Hannes"]
[Result "1-0"]
[WhiteElo "2429"]
[BlackElo "2346"]
[PlyCount "99"]
[EventDate "2020.03.28"]
[EventType "swiss (blitz)"]
[EventRounds "13"]
[EventCountry "GER"]
[SourceTitle "CBM 195 Extra"]
[Source "ChessBase"]
[SourceDate "2020.05.31"]
[SourceVersion "1"]
[SourceVersionDate "2020.05.31"]
[SourceQuality "1"]

1. d4 f5 2. g3 Nf6 3. Bg2 g6 4. Nd2 Bg7 5. c3 0-0 6. Ngf3 Nc6 7. a4 d6 8. a5 a6 9. 0-0 e5 10. dxe5 dxe5 11. e4 f4 12. Nc4 Qxd1 13. Rxd1 Nxe4 14. Nfxe5 Nxe5 15. Bxe4 Nxc4 16. Bd5+ Kh8 17. Bxc4 Bg4 18. Re1 fxg3 19. hxg3 Bf3 20. Bf4 Rf5 21. Bf1 Rh5 22. Bg2 Bxg2 23. Kxg2 Rc5 24. Re7 Rc8 25. Rd1 Bf8 26. Rf7 g5 27. Be3 Rxa5 28. Rdd7 Kg8 29. Rxh7 Rd5 30. Rxd5 Kxh7 31. Rxg5 Bg7 32. Rd5 b5 33. g4 Kg6 34. f4 Re8 35. Kf3 Re7 36. f5+ Kf7 37. g5 c6 38. Rd6 Re5 39. f6 Bf8 40. Rxc6 Kg6 41. Rxa6 b4 42. c4 Rf5+ 43. Kg4 Rf1 44. Ra8 Bd6 45. Rg8+ Kf7 46. Rg7+ Ke6 47. c5 Be5 48. Re7+ Kd5 49. c6 Bxb2 50. c7 1-0

[Event "GER-ch Net blitz qual5"]
[Site "Playchess.com INT"]
[Date "2020.03.28"]
[Round "7"]
[White "Svane, Frederik"]
[Black "Siebrecht, Sebastian"]
[Result "1-0"]
[WhiteElo "2423"]
[BlackElo "2429"]
[PlyCount "69"]
[EventDate "2020.03.28"]
[EventType "swiss (blitz)"]
[EventRounds "13"]
[EventCountry "GER"]
[SourceTitle "CBM 195 Extra"]
[Source "ChessBase"]
[SourceDate "2020.05.31"]
[SourceVersion "1"]
[SourceVersionDate "2020.05.31"]
[SourceQuality "1"]

1. e4 c5 2. Nc3 e6 3. g3 a6 4. Bg2 b5 5. d3 Bb7 6. f4 Nf6 7. Nf3 d6 8. 0-0 Nbd7 9. h3 g6 10. g4 Bg7 11. Ne2 0-0 12. Ng3 d5 13. e5 Ne8 14. g5 Nc7 15. Nh2 Rb8 16. Ng4 Re8 17. Nf6+ Nxf6 18. gxf6 Bf8 19. h4 d4 20. h5 Nd5 21. Qg4 Qc7 22. Ne4 Ne3 23. Bxe3 Bxe4 24. Bxe4 dxe3 25. Rf3 c4 26. hxg6 fxg6 27. Bxg6 hxg6 28. Qxg6+ Bg7 29. Rg3 cxd3 30. cxd3 Red8 31. Qxg7+ Qxg7 32. Rxg7+ Kf8 33. Kg2 Rxd3 34. Rh1 Rd2+ 35. Kf3 1-0